000 00984nam a2200325Ia 4500
003 OSt
005 20220912144641.0
006 a|||||r|||| 00| 0
007 ta
008 220909b |||||||| |||| 00| 0 eng d
020 _a9783319169064 (pbk)
020 _aSL01599583
024 _a194543
037 _b34, 02/11/2015, Aviva Books Company
037 _cTextbook
040 _aCSL
_beng
_cCSL
041 _aeng
082 _aB3, Q5 TB
100 _aGodement Roger
245 0 _aAnalysis IV:integration and spectral theory harmonic analysis, the garden of modular delights
260 _aNew York
_bSpringer
_c2015
300 _axi, 527p. ill.
500 _aIndex 511-516p.
650 _a Commutative fourier transform
650 _a Spectral decomposition
650 _aIntegrable functions
700 _aGodement Roger
942 _hB3, Q5 TB
_cTB
_2CC
999 _c14708
_d14708